Lanean...
Gora tr by V R Paramesiwaran pillai. /
| Egile nagusia: | |
|---|---|
| Hizkuntza: | Undetermined |
| Argitaratua: |
1962.
|
| LEADER | 00396nam a2200121Ia 4500 | ||
|---|---|---|---|
| 001 | 53199 | ||
| 008 | 170722s9999 xx 000 0 und d | ||
| 100 | |a Tagore, Radindranath | ||
| 245 | |a Gora tr by V R Paramesiwaran pillai. / | ||
| 260 | |c 1962. | ||
| 942 | |c GEN | ||
| 999 | |c 64224 |d 64224 | ||
| 952 | |0 0 |1 0 |4 0 |6 O_1573M61G_32K2_KR |7 0 |9 91248 |a LIB |b LIB |d 2017-08-12 |o O157,3M61,G 32K2 (KR) |p 101183 |r 2017-08-12 |w 2017-08-12 |y GEN | ||